Deregulation and management of interest rates : (Record no. 2703)

MARC details
000 -LEADER
fixed length control field 01250cam a2200349 a 4500
001 - CONTROL NUMBER
control field 13569493
003 - CONTROL NUMBER IDENTIFIER
control field OSt
005 - DATE AND TIME OF LATEST TRANSACTION
control field 20230626122544.0
008 - FIXED-LENGTH DATA ELEMENTS--GENERAL INFORMATION
fixed length control field 031124s2003 ke a b 000 0 eng
010 ## - LIBRARY OF CONGRESS CONTROL NUMBER
LC control number 2003406598
020 ## - INTERNATIONAL STANDARD BOOK NUMBER
International Standard Book Number 9966948392
035 ## - SYSTEM CONTROL NUMBER
System control number (DLC) 2003406598
040 ## - CATALOGING SOURCE
Original cataloging agency DLC
Transcribing agency DLC
Modifying agency DLC
042 ## - AUTHENTICATION CODE
Authentication code lcode
043 ## - GEOGRAPHIC AREA CODE
Geographic area code f-ke---
082 ## - DEWEY DECIMAL CLASSIFICATION NUMBER
Classification number 332.82
Item number NGU
100 1# - MAIN ENTRY--PERSONAL NAME
Personal name Ngugi, Rose.
245 10 - TITLE STATEMENT
Title Deregulation and management of interest rates :
Remainder of title what are the options? /
Statement of responsibility, etc. Rose W. Ngugi.
260 ## - PUBLICATION, DISTRIBUTION, ETC. (IMPRINT)
Place of publication, distribution, etc. Nairobi, Kenya :
Name of publisher, distributor, etc. Institute of Policy Analysis & Research,
Date of publication, distribution, etc. c2003.
300 ## - PHYSICAL DESCRIPTION
Extent vii, 80 p. :
Other physical details ill. ;
Dimensions 23 cm.
490 0# - SERIES STATEMENT
Series statement Discussion paper ;
Volume/sequential designation no. 038/2003
500 ## - GENERAL NOTE
General note Cover title.
504 ## - BIBLIOGRAPHY, ETC. NOTE
Bibliography, etc Includes bibliographical references (p. 70).
650 #0 - SUBJECT ADDED ENTRY--TOPICAL TERM
Topical term or geographic name as entry element Interest rates
Geographic subdivision Kenya.
650 #0 - SUBJECT ADDED ENTRY--TOPICAL TERM
Topical term or geographic name as entry element Monetary policy
Geographic subdivision Kenya.
650 #0 - SUBJECT ADDED ENTRY--TOPICAL TERM
Topical term or geographic name as entry element Financial services industry
General subdivision Deregulation
Geographic subdivision Kenya.
830 #0 - SERIES ADDED ENTRY--UNIFORM TITLE
Uniform title Discussion paper (Institute of Policy Analysis and Research (Kenya)) ;
Volume number/sequential designation no. DP 03/038.
856 41 - ELECTRONIC LOCATION AND ACCESS
Materials specified Table of contents
Uniform Resource Identifier <a href="http://www.loc.gov/catdir/toc/fy044/2003406598.html">http://www.loc.gov/catdir/toc/fy044/2003406598.html</a>
906 ## - LOCAL DATA ELEMENT F, LDF (RLIN)
a 7
b cbc
c origode
d 3
e ncip
f 20
g y-gencatlg
942 ## - ADDED ENTRY ELEMENTS (KOHA)
Source of classification or shelving scheme Dewey Decimal Classification
Koha item type Books
Holdings
Withdrawn status Lost status Source of classification or shelving scheme Damaged status Not for loan Home library Current library Date acquired Total Checkouts Full call number Barcode Date last seen Price effective from Koha item type
    Dewey Decimal Classification     County Hall Archives County Hall Archives 06/26/2023   332.82 NGU 10009646 06/26/2023 06/26/2023 Books
LIBRARY OPENING HOURS

When the Parliament is sitting: 8.00a.m - 7.00p.m or until the house adjourns
Mondays and Fridays and when the House is on Recess:  8.00a.m - 5.00p.m
Closed on Weekends and Public Holidays

Online Public Access Catalog (OPAC)
Website: http://www.parliament.go.ke
Bunge Library: https://libraryir.parliament.go.ke
Contact: library@parliament.go.ke | Tel no: (254-2)2221291 or 2848000 Ext 5043